[Event "FIDE World Rapid Team"]
[Site "London ENG"]
[Date "2025.06.11"]
[Round "1.4"]
[White "Vokhidov, Shamsiddin"]
[Black "Schulze, Lara"]
[Result "1-0"]
[WhiteTitle "GM"]
[BlackTitle "FM"]
[WhiteElo "2644"]
[BlackElo "2317"]
[WhiteTeam "Uzbekistan"]
[BlackTeam "Berlin Chess Federation"]
[WhiteFideId "14204223"]
[BlackFideId "12956830"]
[EventDate "2025.06.11"]
[EventType "team"]

1. e4 e5 2. Nf3 Nc6 3. Bb5 a6 4. Ba4 Nf6 5. O-O d6 6. Bxc6+ bxc6 7. d4 exd4 8.
Nxd4 c5 9. Nc6 Qd7 10. Na5 Qa4 11. Qe1 Be7 12. c4 O-O 13. Bd2 Re8 14. b3 Qd7 15.
Nc3 Bf8 16. f3 c6 17. Na4 Rb8 18. Bc3 Nh5 19. Rd1 Qc7 20. Qh4 g6 21. Qg5 Rb4 22.
a3 Rb8 23. Rfe1 Bg7 24. Qd2 Bd4+ 25. Bxd4 cxd4 26. c5 dxc5 27. Nxc5 Nf4 28. b4
Rd8 29. Nab3 Ne6 30. Qc2 Qe5 31. Na5 Rd6 32. Nc4 Qf4 33. Nd3 1-0

[Event "FIDE World Rapid Team"]
[Site "London ENG"]
[Date "2025.06.11"]
[Round "1.5"]
[White "Rath, Alina"]
[Black "Khamdamova, Afruza"]
[Result "0-1"]
[WhiteTitle "CM"]
[BlackTitle "WIM"]
[WhiteElo "2019"]
[BlackElo "2326"]
[WhiteTeam "Berlin Chess Federation"]
[BlackTeam "Uzbekistan"]
[WhiteFideId "24607886"]
[BlackFideId "14210444"]
[EventDate "2025.06.11"]
[EventType "team"]

1. c4 e6 2. g3 d5 3. Bg2 Nf6 4. Nf3 dxc4 5. Qa4+ Nbd7 6. Qxc4 a6 7. Qc2 c5 8. a4
b6 9. O-O Bb7 10. Nc3 Be7 11. Rd1 O-O 12. d4 Rc8 13. dxc5 Bxc5 14. e3 Qc7 15.
Qe2 Qb8 16. Na2 a5 17. Bd2 Qa8 18. Bc3 Rc7 19. Bxf6 Nxf6 20. Nc3 Rcc8 21. Rac1
e5 22. Nb5 Rfd8 23. Rxd8+ Rxd8 24. Rd1 e4 25. Rxd8+ Qxd8 26. Nfd4 g6 27. Qc2 Qe7
28. Qd1 Nd7 29. Nc3 Bb4 30. Ndb5 Nf6 31. Qd4 Bc5 32. Qd1 h5 33. h4 Kg7 34. Qc2
Qe5 35. Qd2 Ng4 36. Ne2 Qf6 37. Qc3 Ne5 38. Nf4 Bc6 39. Qc2 Nf3+ 40. Kh1 Qd8 41.
Nc3 Ne1 42. Qe2 Nxg2 43. Kxg2 Qe8 44. Qc4 Qe5 45. b3 Bb7 46. Ncd5 Bc8 47. Qc3
Qxc3 48. Nxc3 f5 49. Kf1 Ba6+ 50. Kg2 Kf7 51. f3 Bxe3 52. fxe4 Bb7 53. Kf1 fxe4
54. Ke2 Bc5 55. Ncd5 Ba6+ 56. Ke1 Bd4 57. Ne2 Bxe2 58. Kxe2 Ke6 59. Nf4+ Kf5 60.
Kf1 Be5 61. Ne2 Kg4 62. Kg2 e3 0-1

[Event "FIDE World Rapid Team"]
[Site "London ENG"]
[Date "2025.06.11"]
[Round "1.6"]
[White "Imomkuzieva, Nilufarkhon"]
[Black "Ziems, Michael"]
[Result "1-0"]
[WhiteTitle "WFM"]
[WhiteElo "2066"]
[BlackElo "1904"]
[WhiteTeam "Uzbekistan"]
[BlackTeam "Berlin Chess Federation"]
[WhiteFideId "14216736"]
[BlackFideId "24678490"]
[EventDate "2025.06.11"]
[EventType "team"]

1. e4 e6 2. d4 d5 3. Nc3 Nf6 4. Bg5 Be7 5. e5 Nfd7 6. Bxe7 Qxe7 7. Qd2 a6 8. Nd1
c5 9. c3 Nc6 10. f4 cxd4 11. cxd4 f6 12. Nf3 O-O 13. Nf2 b5 14. Bd3 Bb7 15. Rc1
Rac8 16. O-O Rc7 17. Bb1 Rfc8 18. Nd3 Nd8 19. Rce1 f5 20. h3 Nf7 21. g4 g6 22.
g5 Kg7 23. h4 Rh8 24. Kf2 Nb6 25. Nc5 Nc4 26. Qe2 Nd8 27. b3 Nb6 28. Rc1 Bc8 29.
Rc3 Nc6 30. Rfc1 b4 31. R3c2 a5 32. Qb5 Nd7 33. Nxe6+ Qxe6 34. Rxc6 Rxc6 35.
Rxc6 Qe7 36. Qxa5 h6 37. e6 Nb8 38. Rc7 Bd7 39. Qxd5 Rd8 40. exd7 Kh7 41. Qe5
Qf7 42. Qf6 Qg8 43. Qe7+ Kh8 44. gxh6 Na6 45. Ra7 Nb8 46. Ne5 1-0

[Event "FIDE World Rapid Team"]
[Site "London ENG"]
[Date "2025.06.11"]
[Round "1.1"]
[White "Anand, Viswanathan"]
[Black "Rakotomaharo, Fy Antenaina"]
[Result "1-0"]
[WhiteTitle "GM"]
[BlackTitle "IM"]
[WhiteElo "2743"]
[BlackElo "2441"]
[WhiteTeam "Freedom"]
[BlackTeam "Mother Continent"]
[WhiteFideId "5000017"]
[BlackFideId "13100050"]
[EventDate "2025.06.11"]
[EventType "team"]

1. e4 e5 2. Nf3 Nc6 3. Bb5 a6 4. Ba4 d6 5. O-O Bg4 6. h3 h5 7. d4 b5 8. Bb3 Nxd4
9. hxg4 hxg4 10. Ng5 Nh6 11. f4 gxf3 12. Rxf3 d5 13. Rh3 Bc5 14. Kh1 Qd7 15. Nf3
Ng4 16. Rxh8+ Ke7 17. Bg5+ f6 18. Rh7 Nf2+ 19. Kh2 fxg5 20. Qe1 Ng4+ 21. Kg3 Kd6
22. Nbd2 Nxb3 23. axb3 Bf2+ 24. Qxf2 Nxf2 25. Kxf2 g4 26. Nh4 Kc6 27. Ke2 Kb7
28. Nf5 dxe4 29. Ne3 Qd4 30. Rxg7 Rd8 31. Rd1 Qxb2 32. Ndc4 bxc4 33. Rxd8 cxb3
34. Rdd7 bxc2 35. Rxc7+ Kb8 36. Rxc2 Qb5+ 37. Kf2 Qb6 38. Rxg4 1-0

[Event "FIDE World Rapid Team"]
[Site "London ENG"]
[Date "2025.06.11"]
[Round "1.2"]
[White "Wanyama, Harold"]
[Black "Mamedov, Rauf"]
[Result "0-1"]
[WhiteTitle "FM"]
[BlackTitle "GM"]
[WhiteElo "2143"]
[BlackElo "2657"]
[WhiteTeam "Mother Continent"]
[BlackTeam "Freedom"]
[WhiteFideId "10000380"]
[BlackFideId "13401653"]
[EventDate "2025.06.11"]
[EventType "team"]

1. d4 Nf6 2. c4 g6 3. Nc3 Bg7 4. e4 d6 5. f3 O-O 6. Be3 c5 7. Nge2 Nc6 8. dxc5
dxc5 9. Qxd8 Rxd8 10. Rd1 Be6 11. Nd5 Nd7 12. Nec3 Kf8 13. Be2 Nd4 14. Bxd4 Bxd4
15. Nb5 Bxb2 16. Rb1 Be5 17. Nbc7 Rab8 18. f4 Bxd5 19. Nxd5 Bd4 20. f5 e6 21.
fxe6 fxe6 22. Rf1+ Ke8 23. Nc7+ Ke7 24. Bg4 Ne5 25. Be2 a6 26. Rb6 Rd6 27. Rb1
Kd7 28. Na8 Rxa8 29. Rxb7+ Kc6 30. Rxh7 Rb8 0-1

[Event "FIDE World Rapid Team"]
[Site "London ENG"]
[Date "2025.06.11"]
[Round "1.3"]
[White "Sevian, Samuel"]
[Black "George Samir, David"]
[Result "1/2-1/2"]
[WhiteTitle "GM"]
[BlackTitle "FM"]
[WhiteElo "2687"]
[BlackElo "2356"]
[WhiteTeam "Freedom"]
[BlackTeam "Mother Continent"]
[WhiteFideId "2040506"]
[BlackFideId "10657789"]
[EventDate "2025.06.11"]
[EventType "team"]

1. e4 c5 2. Nf3 d6 3. d4 cxd4 4. Nxd4 Nf6 5. Bd3 e5 6. Ne2 Nc6 7. c4 g6 8. Nbc3
Bg7 9. O-O O-O 10. Ng3 Ne8 11. Nd5 Nc7 12. Be3 Nxd5 13. cxd5 Ne7 14. f4 exf4 15.
Bxf4 Bxb2 16. Rb1 Bg7 17. Qb3 f5 18. e5 dxe5 19. d6+ Kh8 20. dxe7 Qxe7 21. Bd2
Be6 22. Bc4 Qc5+ 23. Be3 Qxc4 24. Qxb7 f4 25. Rbc1 Qd5 26. Qxd5 Bxd5 27. Bc5
fxg3 28. Bxf8 Rxf8 29. Rfd1 Bxa2 30. Ra1 Bb3 31. Rd7 Rf7 32. Rd8+ Bf8 33. hxg3
Kg7 34. Kh2 Bb4 35. Rb1 Ba5 36. Re8 Bc2 37. Rc1 Bf5 38. Rxe5 Bb6 39. Re2 Bg4 40.
Re4 Bf5 41. Re2 Bd3 42. Re8 g5 43. Rcc8 Bg6 44. g4 Rf4 45. Rg8+ Kh6 46. Kh3 Rf1
47. Rc6 Bf2 48. g3 Bd4 49. Rd6 Bc5 50. Rc6 Bb6 51. Kg2 Rf2+ 52. Kh3 Rf1 53. Kg2
Rb1 54. Kh3 Rb3 55. Kg2 Rb2+ 56. Kh3 Rb4 57. Rb8 Rd4 58. Rb7 Rd1 59. Re6 Bf2 60.
Re2 Bc5 61. Re5 Bd4 62. Re6 Rd3 63. Rd7 Re3 64. Rxg6+ Kxg6 65. Rxd4 Re6 66. Rd7
a6 67. Kg2 Rf6 68. Re7 h6 69. Rc7 Rf7 70. Rc6+ Rf6 71. Rc7 Rb6 72. Kf3 Kf6 73.
Ke4 Rb4+ 74. Kf3 Rb3+ 75. Ke4 Rxg3 76. Rc6+ Kg7 77. Rc7+ Kf6 78. Rc6+ Kg7 79.
Rc7+ Kf8 80. Kf5 Ke8 81. Rc6 Rf3+ 82. Kg6 Rg3 83. Rc4 Rh3 84. Re4+ Kd7 85. Ra4
Rh4 86. Rxa6 Rxg4 87. Kxh6 Rg1 88. Kh5 g4 89. Kh4 g3 90. Kh3 g2 91. Kh2 1/2-1/2

[Event "FIDE World Rapid Team"]
[Site "London ENG"]
[Date "2025.06.11"]
[Round "1.4"]
[White "Mhango, Banele"]
[Black "Le, Quang Liem"]
[Result "0-1"]
[WhiteTitle "FM"]
[BlackTitle "GM"]
[WhiteElo "2236"]
[BlackElo "2729"]
[WhiteTeam "Mother Continent"]
[BlackTeam "Freedom"]
[WhiteFideId "14327040"]
[BlackFideId "12401137"]
[EventDate "2025.06.11"]
[EventType "team"]

1. d4 Nf6 2. Nc3 d5 3. Bf4 c5 4. e3 cxd4 5. exd4 a6 6. Nf3 Nc6 7. Ne5 Bd7 8. Be2
e6 9. O-O Qb6 10. Nxc6 Bxc6 11. Rb1 Rc8 12. Be5 Nd7 13. Bf4 Be7 14. Re1 Bf6 15.
Be3 O-O 16. Bd3 g6 17. Ne2 Bb5 18. c3 Bxd3 19. Qxd3 Qb5 20. Qxb5 axb5 21. Nf4
Nb6 22. Nd3 Nc4 23. Bf4 Rfe8 24. Re2 h5 25. Rbe1 Bg7 26. a3 Re7 27. Nb4 Rd7 28.
h3 Bf6 29. Nd3 b6 30. g4 g5 31. Bg3 Kg7 32. Kg2 Rh8 33. Ne5 Ra7 34. Nd3 Raa8 35.
Rh1 Rh7 36. Ree1 Be7 37. Bc7 Bd6 38. Bxd6 Nxd6 39. Ne5 Rah8 40. Nd3 Nc4 41. Reg1
f6 42. Re1 Kf7 43. Ref1 Ke7 44. Re1 Kd6 45. Rd1 hxg4 46. hxg4 Rxh1 47. Rxh1 Rxh1
48. Kxh1 e5 49. dxe5+ fxe5 50. Ne1 e4 51. b3 Nxa3 52. f4 gxf4 0-1

[Event "FIDE World Rapid Team"]
[Site "London ENG"]
[Date "2025.06.11"]
[Round "1.5"]
[White "Injac, Teodora"]
[Black "QUICKPEN, Deborah Ebimobo-ere"]
[Result "1-0"]
[WhiteTitle "IM"]
[BlackTitle "WCM"]
[WhiteElo "2457"]
[BlackElo "2081"]
[WhiteTeam "Freedom"]
[BlackTeam "Mother Continent"]
[WhiteFideId "932400"]
[BlackFideId "8511616"]
[EventDate "2025.06.11"]
[EventType "team"]

1. Nf3 d5 2. g3 Nf6 3. Bg2 c5 4. O-O Nc6 5. d4 cxd4 6. Nxd4 e5 7. Nxc6 bxc6 8.
c4 Be6 9. Nc3 Be7 10. Bg5 e4 11. Qa4 O-O 12. Rad1 Qb6 13. cxd5 cxd5 14. Bxf6
Bxf6 15. Nxd5 Bxd5 16. Rxd5 Qxb2 17. e3 Rfb8 18. Rd7 Rb4 19. Qc6 Rab8 20. Bxe4
Qxa2 21. Bd5 Qa4 22. Qc7 h6 23. Rxf7 Kh8 24. Qxa7 Qb5 25. Rxf6 gxf6 26. Qf7 Qe8
27. Qxf6+ Kh7 28. Qf5+ Qg6 29. Qxg6+ Kxg6 30. Kg2 Rb2 31. g4 h5 32. Be4+ Kg5 33.
gxh5 Kxh5 34. Bf3+ Kh4 35. h3 Re8 36. Re1 Rg8+ 37. Bg4 Rf8 38. Re2 Rb1 39. Rd2
Kg5 40. Rd5+ Kg6 41. Rd6+ Kg7 42. f3 Rfb8 43. Kg3 R1b3 44. e4 Rf8 45. Bf5 Ra8
46. Kf4 Raa3 47. Bg4 Rb8 48. Rd7+ Kh8 49. h4 Rf8+ 50. Bf5 Rb3 51. h5 Ra8 52. h6
Rb6 53. Rh7+ Kg8 54. Kg5 Ra3 55. Rg7+ Kf8 56. Rc7 Ra1 57. Rc8+ Kf7 58. h7 1-0

[Event "FIDE World Rapid Team"]
[Site "London ENG"]
[Date "2025.06.11"]
[Round "1.1"]
[White "Chinguun, Sumiya"]
[Black "Harikrishna, Pentala"]
[Result "1/2-1/2"]
[WhiteTitle "FM"]
[BlackTitle "GM"]
[WhiteElo "2415"]
[BlackElo "2707"]
[WhiteTeam "The MongolZ"]
[BlackTeam "Team MGD1"]
[WhiteFideId "4902572"]
[BlackFideId "5007003"]
[EventDate "2025.06.11"]
[EventType "team"]

1. e4 e5 2. Nf3 Nc6 3. Bc4 Nf6 4. d3 Be7 5. Nc3 d6 6. a4 O-O 7. h3 Be6 8. Nd5
Bxd5 9. exd5 Nb4 10. d4 e4 11. Nd2 c6 12. dxc6 bxc6 13. c3 Nbd5 14. Bxd5 cxd5
15. Nf1 Ne8 16. Ne3 Nc7 17. Qb3 Rb8 18. Qa2 Bg5 19. Nxd5 Bxc1 20. Rxc1 Qg5 21.
Ne3 Ne6 22. g3 Qg6 23. h4 f5 24. h5 Qf7 25. b4 Kh8 26. Qd5 f4 27. gxf4 Qxf4 28.
Rf1 Ng5 29. Kd1 Qf3+ 30. Kc2 Nh3 31. Kb3 Rf6 32. h6 gxh6 33. Qa5 Rf7 34. Nc4
Rfb7 35. b5 Qf7 36. d5 Qxd5 37. Rcd1 Rxb5+ 38. axb5 Rxb5+ 39. Kc2 Rxa5 40. Rxd5
Rxd5 41. Rh1 Nxf2 42. Rxh6 Kg7 43. Re6 h5 44. Nxd6 h4 45. Nxe4 Nxe4 46. Rxe4 Rh5
47. Re7+ Kf6 48. Rxa7 h3 49. Ra1 Kf5 50. Kd3 h2 51. Rh1 Rh4 52. c4 Kf4 53. Kd4
Kf3+ 54. Kd5 Kg2 55. Rxh2+ Rxh2 56. c5 Rh5+ 57. Kd6 Rh6+ 58. Kd7 Rh7+ 59. Kd6
Kf3 60. c6 Ke4 61. c7 Rh8 62. Kd7 Kd5 63. c8=Q Rxc8 64. Kxc8 1/2-1/2

[Event "FIDE World Rapid Team"]
[Site "London ENG"]
[Date "2025.06.11"]
[Round "1.2"]
[White "Anton Guijarro, David"]
[Black "Reimanis, Ritvars"]
[Result "1-0"]
[WhiteTitle "GM"]
[BlackTitle "IM"]
[WhiteElo "2642"]
[BlackElo "2355"]
[WhiteTeam "Team MGD1"]
[BlackTeam "The MongolZ"]
[WhiteFideId "2285525"]
[BlackFideId "11602988"]
[EventDate "2025.06.11"]
[EventType "team"]

1. Nf3 Nf6 2. c4 e6 3. g3 d5 4. Bg2 Be7 5. O-O O-O 6. b3 a5 7. Nc3 d4 8. Nb5 Bc5
9. e3 d3 10. Bb2 c6 11. Nc3 Qe7 12. Ne5 Rd8 13. Ne4 Ba7 14. Nxf6+ gxf6 15. Ng4
e5 16. f4 h5 17. Nh6+ Kg7 18. Qxh5 Rh8 19. fxe5 f5 1-0

[Event "FIDE World Rapid Team"]
[Site "London ENG"]
[Date "2025.06.11"]
[Round "1.3"]
[White "Itgelt, Khuyagtsogt"]
[Black "Mendonca, Leon Luke"]
[Result "1/2-1/2"]
[WhiteTitle "IM"]
[BlackTitle "GM"]
[WhiteElo "2425"]
[BlackElo "2603"]
[WhiteTeam "The MongolZ"]
[BlackTeam "Team MGD1"]
[WhiteFideId "4902912"]
[BlackFideId "35028561"]
[EventDate "2025.06.11"]
[EventType "team"]

1. d4 Nf6 2. c4 e6 3. g3 d5 4. Bg2 Bd6 5. Nf3 O-O 6. O-O b6 7. Nc3 Bb7 8. cxd5
exd5 9. Nb5 Be7 10. Bf4 Na6 11. Ne5 c6 12. Nc3 Nc7 13. Qa4 b5 14. Qc2 Ne6 15.
Rad1 Re8 16. Be3 Bd6 17. f4 Rc8 18. h3 b4 19. Na4 Ba6 20. Bf2 Bb5 21. Nd3 Qa5
22. Nac5 Nxc5 23. dxc5 Bf8 24. Ne5 Rcd8 25. Rfe1 Qc7 26. Qf5 a5 27. g4 Re6 28.
Bd4 Ne4 29. Bxe4 dxe4 30. Qxe4 f6 31. Qf5 Rde8 32. Nf3 Rxe2 33. Rxe2 Bxe2 34.
Re1 Qd8 35. Kf2 Bc4 36. Qc2 Bd5 37. Rxe8 Qxe8 38. b3 Qd7 39. Be3 h5 40. Kg3 Qe8
41. Qd3 Be4 42. Qc4+ Bd5 43. Qd3 hxg4 44. hxg4 a4 45. Nh4 axb3 46. axb3 Qa8 47.
Ng6 Qa2 48. Bf2 Qb2 49. Nxf8 Kxf8 50. g5 fxg5 51. Qf5+ Ke8 52. Qe5+ Qxe5 53.
fxe5 Bxb3 54. Be1 Be6 55. Bxb4 Kf7 56. Ba5 Kg6 57. Bc7 Kf5 58. Bd6 Ke4 59. Be7
g4 60. Bf8 g6 61. Bd6 Kd4 62. Kf4 Kd5 63. Kg3 g5 64. Be7 Kd4 65. Bd6 Ke4 66. Be7 1/2-1/2

[Event "FIDE World Rapid Team"]
[Site "London ENG"]
[Date "2025.06.11"]
[Round "1.4"]
[White "Pranav, V"]
[Black "Nomin-Erdene, Davaademberel"]
[Result "1-0"]
[WhiteTitle "GM"]
[BlackTitle "IM"]
[WhiteElo "2595"]
[BlackElo "2293"]
[WhiteTeam "Team MGD1"]
[BlackTeam "The MongolZ"]
[WhiteFideId "25060783"]
[BlackFideId "4900782"]
[EventDate "2025.06.11"]
[EventType "team"]

1. e4 c6 2. d4 d5 3. e5 Bf5 4. Nf3 e6 5. Be2 c5 6. O-O Nc6 7. c3 cxd4 8. cxd4
Nge7 9. h3 Nc8 10. Nc3 Be7 11. Bd3 Bxd3 12. Qxd3 O-O 13. h4 Bxh4 14. g3 Be7 15.
Kg2 f5 16. Rh1 Rf7 17. Bf4 Nb6 18. Rh2 g5 19. Bc1 g4 20. Ng1 Bg5 21. Nge2 Nd7
22. Bxg5 Qxg5 23. Rah1 Nf8 24. Nf4 a6 25. Na4 Re8 26. Rh6 Nd8 27. Qe3 Rg7 28.
Nc5 b6 29. Nxa6 Ng6 30. Nxd5 Qxe3 31. Nf6+ Kf7 32. fxe3 Rh8 33. Rc1 Ne7 34. Nb4
Rg6 35. Rxh7+ Rxh7 36. Nxh7 Rh6 37. Nf6 Nb7 38. Rc7 Na5 39. d5 1-0

[Event "FIDE World Rapid Team"]
[Site "London ENG"]
[Date "2025.06.11"]
[Round "1.5"]
[White "Ulziikhishig Khishigbat"]
[Black "Tsolakidou, Stavroula"]
[Result "0-1"]
[WhiteTitle "FM"]
[BlackTitle "IM"]
[WhiteElo "2266"]
[BlackElo "2428"]
[WhiteTeam "The MongolZ"]
[BlackTeam "Team MGD1"]
[WhiteFideId "4908120"]
[BlackFideId "4264312"]
[EventDate "2025.06.11"]
[EventType "team"]

1. d4 Nf6 2. c4 g6 3. Nc3 Bg7 4. e4 d6 5. Bd3 O-O 6. Nge2 Nc6 7. O-O e5 8. d5
Nd4 9. Bg5 c5 10. dxc6 bxc6 11. Qd2 Rb8 12. Rab1 a5 13. b3 Ne6 14. Bh4 Qb6 15.
Na4 Qa7 16. Bc2 Rd8 17. Kh1 d5 18. cxd5 cxd5 19. exd5 Rxd5 20. Qe1 Ba6 21. Rg1
Rb4 22. Bxf6 Bxf6 23. Nec3 Rd8 24. a3 Rb7 25. Ne4 Be7 26. Qxa5 Bb5 27. Qxa7 Rxa7
28. Nac3 Bc6 29. a4 f5 30. Ng3 Rd2 31. Bd1 Rxf2 32. b4 Nf4 33. b5 Bb7 34. b6 Ra8
35. Rb5 Rc8 36. Bb3+ Kg7 37. Nd5 Bc5 38. Rc1 Rb2 39. h4 Bf2 40. Rxc8 Rb1+ 41.
Kh2 Bg1+ 42. Kh1 Bxb6+ 43. Kh2 Bg1+ 44. Kh1 Bxc8 45. Nxf4 Be3+ 46. Kh2 Bxf4 47.
a5 Rc1 48. Bd5 Rc3 49. Kg1 Bxg3 50. Kf1 Ba6 0-1

[Event "FIDE World Rapid Team"]
[Site "London ENG"]
[Date "2025.06.11"]
[Round "1.6"]
[White "Atharvaa P Tayade"]
[Black "Araya Fuentes, Cristian"]
[Result "1-0"]
[WhiteElo "1956"]
[BlackElo "1921"]
[WhiteTeam "Team MGD1"]
[BlackTeam "The MongolZ"]
[WhiteFideId "25042955"]
[BlackFideId "6502946"]
[EventDate "2025.06.11"]
[EventType "team"]

1. e4 c6 2. d4 d5 3. exd5 cxd5 4. c4 Nf6 5. cxd5 Nxd5 6. Nc3 Nc6 7. Nf3 e6 8.
Bd3 Be7 9. O-O a6 10. Re1 b5 11. a3 Bb7 12. Nxd5 Qxd5 13. Be4 Qd7 14. Bg5 h6 15.
Bxe7 Nxe7 16. Ne5 Qc7 17. Rc1 Qb6 18. Qf3 O-O 19. Bxb7 Rab8 20. Be4 Rbd8 21. Qe3
Qxd4 22. Qxd4 Rxd4 23. Nf3 Rd6 24. Kf1 Rfd8 25. Ke2 g5 26. Red1 f5 27. Rxd6 Rxd6
28. Bb1 Nd5 29. g3 Kf7 30. Ba2 Kf6 31. Bxd5 Rxd5 32. Rc6 a5 33. b4 axb4 34. axb4
g4 35. Ne1 Re5+ 36. Kd2 Rd5+ 37. Nd3 Rd7 38. Kc3 Ra7 39. Nf4 Ra3+ 40. Kd4 Ra2
41. Rxe6+ Kf7 42. Re2 Ra1 43. Kc5 1-0

[Event "FIDE World Rapid Team"]
[Site "London ENG"]
[Date "2025.06.11"]
[Round "1.1"]
[White "Bluebaum, Matthias"]
[Black "Wu, Li"]
[Result "1-0"]
[WhiteTitle "GM"]
[BlackTitle "FM"]
[WhiteElo "2663"]
[BlackElo "2278"]
[WhiteTeam "Germany and Friends"]
[BlackTeam "Chess Rising Stars"]
[WhiteFideId "24651516"]
[BlackFideId "411086"]
[EventDate "2025.06.11"]
[EventType "team"]

1. d4 d5 2. c4 e6 3. Nc3 c5 4. cxd5 exd5 5. Nf3 Nf6 6. Bg5 Be6 7. e3 c4 8. Bxf6
Qxf6 9. a3 Qd8 10. g3 Be7 11. Bg2 O-O 12. h4 h6 13. Ng1 Na6 14. Nge2 Nc7 15. Nf4
Qd7 16. O-O Rfd8 17. Nxe6 Qxe6 18. b3 b5 19. bxc4 bxc4 20. Qa4 g5 21. hxg5 Bxg5
22. e4 dxe4 23. Nxe4 Be7 24. Rfe1 Nd5 25. Qxc4 Nf4 26. Qxe6 Nxe6 27. d5 Nd4 28.
d6 Bf8 29. Nf6+ Kg7 30. Nh5+ Kg6 31. Nf4+ Kf6 32. Bxa8 Rxa8 33. Re4 1-0

[Event "FIDE World Rapid Team"]
[Site "London ENG"]
[Date "2025.06.11"]
[Round "1.2"]
[White "Cumming, Rhys"]
[Black "Svane, Rasmus"]
[Result "0-1"]
[WhiteTitle "FM"]
[BlackTitle "GM"]
[WhiteElo "2285"]
[BlackElo "2626"]
[WhiteTeam "Chess Rising Stars"]
[BlackTeam "Germany and Friends"]
[WhiteFideId "470163"]
[BlackFideId "4657101"]
[EventDate "2025.06.11"]
[EventType "team"]

1. e4 e6 2. d4 d5 3. Nd2 c5 4. exd5 Qxd5 5. Ngf3 cxd4 6. Bc4 Qd6 7. O-O Nf6 8.
Nb3 Nc6 9. Nbxd4 Nxd4 10. Qxd4 Qxd4 11. Nxd4 Bd7 12. Be2 Rc8 13. Bf3 Bc5 14. Nb3
Bb6 15. c3 Bc6 16. Bxc6+ Rxc6 17. Be3 Bxe3 18. fxe3 Ke7 19. Rad1 Ra6 20. Nc5
Rxa2 21. b4 b6 22. Nb3 Rc8 23. Ra1 Rxa1 24. Rxa1 Rxc3 25. Rxa7+ Nd7 26. Nd4 Rxe3
27. Nc6+ Kd6 28. Nd8 f6 29. Nb7+ Ke7 30. Ra8 Rc3 31. Rg8 Rc7 32. Rxg7+ Kf8 33.
Nd8 Rc1+ 0-1

[Event "FIDE World Rapid Team"]
[Site "London ENG"]
[Date "2025.06.11"]
[Round "1.3"]
[White "Kollars, Dmitrij"]
[Black "Navrotescu, Andreea"]
[Result "1-0"]
[WhiteTitle "GM"]
[BlackTitle "WGM"]
[WhiteElo "2633"]
[BlackElo "2333"]
[WhiteTeam "Germany and Friends"]
[BlackTeam "Chess Rising Stars"]
[WhiteFideId "12909572"]
[BlackFideId "675946"]
[EventDate "2025.06.11"]
[EventType "team"]

1. e4 e6 2. d4 d5 3. exd5 exd5 4. Nf3 Nf6 5. Bd3 Bd6 6. Qe2+ Qe7 7. Qxe7+ Kxe7
8. O-O Re8 9. Nc3 c6 10. Ne5 Nbd7 11. Bf4 Bxe5 12. dxe5 Nh5 13. Bg5+ Kf8 14. Be2
d4 15. Bxh5 dxc3 16. f4 cxb2 17. Rab1 Nc5 18. Rxb2 Bf5 19. Bh4 b6 20. Re1 Rac8
21. Bf3 Be6 22. Rb4 Rc7 23. a3 Bd5 24. Be2 Be4 25. Rc4 Bd5 26. Rb4 Rd7 27. Bg4
Rc7 28. Bf2 Ne4 29. Rbxe4 Bxe4 30. Rxe4 Rd8 31. Kf1 Rd2 32. Rc4 g6 33. Ke1 Rd8
34. Bh4 Rd5 35. Bf3 Ra5 36. Rd4 Rxa3 37. Rd8+ Kg7 38. Bf6+ Kh6 39. Be2 Ra4 40.
g4 1-0

[Event "FIDE World Rapid Team"]
[Site "London ENG"]
[Date "2025.06.11"]
[Round "1.4"]
[White "Tsaknakis, Zisis"]
[Black "Donchenko, Alexander"]
[Result "0-1"]
[WhiteTitle "FM"]
[BlackTitle "GM"]
[WhiteElo "2333"]
[BlackElo "2613"]
[WhiteTeam "Chess Rising Stars"]
[BlackTeam "Germany and Friends"]
[WhiteFideId "4259963"]
[BlackFideId "24603295"]
[EventDate "2025.06.11"]
[EventType "team"]

1. e4 c6 2. d4 d5 3. e5 c5 4. Nf3 cxd4 5. Qxd4 Nc6 6. Qf4 e6 7. Nc3 Nb4 8. Bd3
Bd7 9. Bd2 Nxd3+ 10. cxd3 Ne7 11. Rc1 Ng6 12. Qg3 Rc8 13. h4 h5 14. O-O Ne7 15.
Ne2 Nf5 16. Qf4 Rxc1 17. Rxc1 Be7 18. g3 Qb6 19. Ned4 Nxd4 20. Qxd4 Qxd4 21.
Nxd4 Bd8 22. Bb4 f6 23. f4 fxe5 24. fxe5 g5 25. Nf3 gxh4 26. gxh4 Rg8+ 27. Kf2
Rg4 28. Bc5 b6 29. Bd6 Bxh4+ 30. Nxh4 Rxh4 31. Kg3 Rg4+ 32. Kh3 Bb5 33. Rc7 Bxd3
34. Re7+ Kd8 35. Rxe6 Bf1+ 36. Kh2 Rg2+ 37. Kh1 Re2 38. Rf6 Bh3 39. Rf8+ Kd7 40.
Rf7+ Kc6 41. Rc7+ Kb5 42. Rxa7 d4 43. Ra3 Bf5 44. Rb3+ Kc6 45. Kg1 d3 46. Bb4 d2
47. Bxd2 Rxd2 48. Rf3 Bg4 49. Rc3+ Kd5 50. Rb3 Kc6 51. Rc3+ Kb7 52. Re3 Be6 53.
Rf3 Rxb2 0-1

[Event "FIDE World Rapid Team"]
[Site "London ENG"]
[Date "2025.06.11"]
[Round "1.5"]
[White "Bashylina, Luisa"]
[Black "Bird, Joel"]
[Result "0-1"]
[WhiteTitle "WFM"]
[WhiteElo "2120"]
[BlackElo "1987"]
[WhiteTeam "Germany and Friends"]
[BlackTeam "Chess Rising Stars"]
[WhiteFideId "12983292"]
[BlackFideId "429252"]
[EventDate "2025.06.11"]
[EventType "team"]

1. d4 d5 2. c4 c6 3. Nf3 Nf6 4. Nc3 dxc4 5. a4 Bf5 6. Ne5 e6 7. Nxc4 c5 8. e3
Nc6 9. dxc5 Qxd1+ 10. Nxd1 Bxc5 11. Be2 Nb4 12. O-O O-O 13. Nc3 Rfd8 14. Bd2 Bd3
15. Bxd3 Rxd3 16. Rfd1 Rad8 17. Kf1 a6 18. Ke2 Kf8 19. Rac1 Nc6 20. f3 R3d7 21.
g4 Nd5 22. Ne4 Be7 23. Na5 Nxa5 24. Bxa5 b6 25. Be1 f5 26. Nf2 Bg5 27. Rd3 Kf7
28. b3 Nf6 29. gxf5 exf5 30. Rc6 Rxd3 31. Nxd3 Re8 32. f4 Bh6 33. Ne5+ Kg8 34.
Rxb6 Nd5 35. Kf3 Nxb6 0-1